Miracle Musical - Labyrinth (all lyrics) - Statistics

General Stats
  • This quiz has been taken 15 times
  • The average score is 204 of 296
Answer Stats
Answer % Correct
a
100%
how
100%
I
100%
(I
100%
I'm
100%
(I'm
100%
I'ma
100%
Imaginary
100%
imaginary
100%
mind,
100%
mind
100%
of
100%
See
100%
see
100%
you
100%
and
88%
carry
88%
circle
88%
design
88%
get
88%
in
88%
In
88%
Just
88%
just
88%
Let
88%
maze
88%
my
88%
on
88%
out,
88%
out
88%
So
88%
the
88%
The
88%
Hotter
75%
is
75%
(la-la-la-la),
75%
(la-la-la-la)
75%
lines
75%
never
75%
no
75%
North
75%
purple
75%
South
75%
than
75%
this
75%
trap
75%
all
63%
But
63%
but
63%
by
63%
can
63%
circles
63%
close
63%
cloud
63%
don't
63%
doors
63%
East
63%
escape
63%
escape?
63%
ever
63%
face
63%
fail
63%
fear
63%
Focus
63%
furnace,
63%
getting
63%
head
63%
hell
63%
hurdles,
63%
It's
63%
keep
63%
lead
63%
like
63%
Maybe
63%
me
63%
me,
63%
Patience
63%
point
63%
reached
63%
rear,
63%
return
63%
Running
63%
running
63%
smoke
63%
spinning
63%
straight
63%
suddenly
63%
Surrounded
63%
that
63%
through
63%
to
63%
trapped
63%
trapped)
63%
try
63%
Trying
63%
turns
63%
Walls
63%
want
63%
West
63%
away
50%
beast
50%
before
50%
burning
50%
calves
50%
chasing
50%
clear
50%
end
50%
Everything
50%
failure,
50%
feel
50%
finally
50%
fly
50%
'fore
50%
from
50%
game
50%
ghosts
50%
glass
50%
here
50%
jumping
50%
keeps
50%
labyrinth,
50%
labyrinth
50%
learning
50%
light
50%
near
50%
play
50%
reeks
50%
right
50%
seems
50%
stairwells
50%
thing
50%
thinning
50%
turning
50%
am
38%
Behind
38%
behind
38%
bumped
38%
dying
38%
ex-girl's
38%
floor
38%
for
38%
front
38%
girl's
38%
(go)
38%
love
38%
mouse
38%
mouse)
38%
mouse,
38%
next
38%
path
38%
they
38%
can't
25%
cross
25%
enemy
25%
facing
25%
fatigue,
25%
find
25%
Got
25%
hide
25%
new
25%
night
25%
place
25%
rewind,
25%
rewind
25%
shine
25%
these
25%
Will
25%
Awaiting
13%
light's
13%
watching
13%
winds,
13%
Boy,
0%
Everybody's
0%
road
0%
sight
0%
No matching quizzes found
Score Distribution
Percent of People with Each Score
Percentile by Number Answered
Your Score History
You have not taken this quiz